[Event "WchT Amateur"]
[Site "Kaunas"]
[Date "2016.11.27"]
[Round "8.3"]
[White "Tumosa, Algis"]
[Black "Belemmi, Marco"]
[Result "0-1"]
[WhiteElo "1922"]
[BlackElo "1939"]
[PlyCount "66"]
[EventDate "2016.11.20"]
[EventType "team-swiss"]
[EventRounds "9"]
[EventCountry "LTU"]
[SourceTitle "CBM 175 Extra"]
[Source "ChessBase"]
[SourceDate "2016.12.12"]
[SourceVersion "1"]
[SourceVersionDate "2016.12.12"]
[SourceQuality "1"]
[WhiteTeam "Lithuania Milsa"]
[BlackTeam "Italy"]
[WhiteTeamCountry "LTU"]
[BlackTeamCountry "ITA"]

1. e4 c5 2. d4 cxd4 3. c3 dxc3 4. Nxc3 Nc6 5. Bc4 e6 6. Nf3 d6 7. 0-0 Nf6 8. Qe2 Be7 9. Rd1 e5 10. h3 0-0 11. Bg5 Be6 12. Bb5 h6 13. Be3 Qa5 14. a3 a6 15. b4 Qc7 16. Nd5 Bxd5 17. exd5 axb5 18. Rac1 Nxd5 19. Rxd5 Rxa3 20. Qxb5 Rfa8 21. Qf1 Qd7 22. b5 Qe6 23. Rdd1 Na5 24. Kh2 d5 25. Bc5 Bxc5 26. Rxc5 e4 27. Rcxd5 exf3 28. g3 Qe2 29. Rd8+ Rxd8 30. Rxd8+ Kh7 31. Qxe2 fxe2 32. Re8 Ra2 33. Kg2 Nb3 0-1

[Event "WchT Amateur"]
[Site "Kaunas"]
[Date "2016.11.24"]
[Round "5.3"]
[White "Belemmi, Marco"]
[Black "Gudeika, Dalius"]
[Result "1/2-1/2"]
[WhiteElo "1939"]
[BlackElo "1987"]
[PlyCount "89"]
[EventDate "2016.11.20"]
[EventType "team-swiss"]
[EventRounds "9"]
[EventCountry "LTU"]
[SourceTitle "CBM 175 Extra"]
[Source "ChessBase"]
[SourceDate "2016.12.12"]
[SourceVersion "1"]
[SourceVersionDate "2016.12.12"]
[SourceQuality "1"]
[WhiteTeam "Italy"]
[BlackTeam "Lithuania KTU"]
[WhiteTeamCountry "ITA"]
[BlackTeamCountry "LTU"]

1. e4 e5 2. Nf3 Nf6 3. Nxe5 d6 4. Nf3 Nxe4 5. Nc3 Nxc3 6. dxc3 Be7 7. Bf4 0-0 8. Qd2 Nc6 9. 0-0-0 Bf5 10. h4 Bf6 11. h5 Re8 12. Bc4 Ne5 13. Be2 Ng4 14. Bc4 Ne5 15. Be2 Ng4 16. Rde1 Qe7 17. Bc4 Ne5 18. Nxe5 dxe5 19. Be3 Rad8 20. Qe2 Be4 21. f3 Bd5 22. Rd1 Qe6 23. Bxd5 Rxd5 24. c4 Ra5 25. Kb1 b5 26. Rd5 c6 27. Qd2 cxd5 28. Qxa5 d4 29. Bc1 Qxc4 30. b3 Qc6 31. h6 Rc8 32. Qd2 a5 33. hxg7 Bxg7 34. Qe2 b4 35. g4 a4 36. bxa4 Qxa4 37. Qd3 Ra8 38. Qb3 Qxb3+ 39. axb3 Rc8 40. Bd2 Bf8 41. Re1 f6 42. Kb2 Kf7 43. Ra1 Kg6 44. Ra6 Be7 45. Ra7 1/2-1/2